Psicologías dinámicas y factoriales /
Guardado en:
| Autor Principal: | |
|---|---|
| Formato: | Libro |
| Publicado: |
Buenos Aires :
Paidos,
1965
|
| Etiquetas: |
Agregar Etiqueta
Sin Etiquetas, Sea el primero en etiquetar este registro!
|
| LEADER | 00401nam a22001455a 4500 | ||
|---|---|---|---|
| 001 | CEM.cems006701 | ||
| 005 | 20060214000000.0 | ||
| 008 | 130507s1965##################000#0#####d | ||
| 003 | CEMS | ||
| 082 | 0 | 4 | |a 150 |
| 100 | 1 | |a Woodworth, R. S. | |
| 245 | 1 | 0 | |a Psicologías dinámicas y factoriales / |
| 260 | |a Buenos Aires : |b Paidos, |c 1965 | ||
| 300 | |a 157 p. | ||
| 859 | |a CEMS |b BIB. CEMS - 11 de abril |h 150 |i W879 |p 322.73 |t Ej.1 | ||
